| 000 | 00866cam a2200253 a 4500 | ||
|---|---|---|---|
| 001 | 15434806 | ||
| 005 | 20250109110714.0 | ||
| 008 | 080902s2009 maua b 001 0 eng | ||
| 020 | _a9780073375755 (alk. paper) | ||
| 020 | _a0073375756 (alk. paper) | ||
| 050 | 0 | 0 |
_aHF1411 _b.L536 2009 |
| 082 | 0 | 0 |
_a337 _222 |
| 100 | 1 | _aPugel, Thomas A. | |
| 245 | 1 | 0 |
_aInternational economics / _cThomas A. Pugel. |
| 250 | _a14th ed. | ||
| 260 |
_aBoston : _bMcGraw-Hill Irwin, _cc2009. |
||
| 300 |
_axxvi, 757 p. : _bill. ; _c24 cm. |
||
| 500 | _aVarious multi-media instructional resources are available to supplement the text. | ||
| 650 | 0 | _aInternational economic relations. | |
| 650 | 0 | _aCommercial policy. | |
| 650 | 0 | _aForeign exchange. | |
| 856 | 4 | 1 |
_3Table of contents only _uhttp://www.loc.gov/catdir/toc/ecip0827/2008038560.html |
| 942 |
_2lcc _cBK _e14th Ed. _n0 |
||
| 999 |
_c2488 _d2488 |
||